LEADER 03092nam 2200589 a 450 001 9910480353103321 005 20170814181006.0 010 $a0-7619-2885-5 010 $a1-322-41890-X 010 $a1-4522-6694-8 035 $a(CKB)2670000000260947 035 $a(EBL)996888 035 $a(OCoLC)809773593 035 $a(SSID)ssj0000675723 035 $a(PQKBManifestationID)12292605 035 $a(PQKBTitleCode)TC0000675723 035 $a(PQKBWorkID)10676801 035 $a(PQKB)10981723 035 $a(MiAaPQ)EBC996888 035 $a(StDuBDS)EDZ0000063681 035 $a(EXLCZ)992670000000260947 100 $a20120319d2004 fy| 0 101 0 $aeng 135 $aur|n|---||||| 181 $ctxt 182 $cc 183 $acr 200 00$aLearning to lead together$b[electronic resource] $ethe promise and challenge of sharing leadership /$fJanet H. Chrispeels, editor 210 $aThousand Oaks, Calif. ;$aLondon $cSAGE$dc2004 215 $a1 online resource (409 p.) 300 $aDescription based upon print version of record. 311 $a1-4522-3241-5 311 $a0-7619-2886-3 320 $aIncludes bibliographical references and indexes. 327 $aCover; Contents; Preface; About the Editor; About the Contributors; 1 - The Dynamics of Sharing and Distributing Leadership; 2 - Changing the Culture of a Middle School; 3 - Creating Meaningful Opportunities for Collaboration; 4 - Reflections on Practice; 5 - A Middle School Strives to Achieve Team Leadership Through Opposition and Uncertainty; 6 - Evolving Roles and Sharing Leadership; 7 - Sharing Leadership; 8 - Lessons Learned About Sustainable Results in Urban Middle Schools; 9 - Principals Conceptualize the Development of Teacher Leaders 327 $a10 - Principal Choice and Teacher Participation in Site-Based Management11 - Successful Leadership in Schools Facing Challenging Circumstances; 12 - Supporting Teachers' Leadership; 13 - Promoting Leadership Development and Collaboration in Rural Schools; 14 - Problem-Based Learning and Its Role in Preparing School Leaders for Collaboration; 15 - Sharing Leadership; Name Index; Subject Index 330 8 $a'Learning to Lead' examines the dilemmas principals face in engaging teachers in shared leadership. The text makes a contribution to the field of educational leadership administration, and leader preparation through cases and the description of professional development initiatives. 606 $aSchool management teams$zUnited States$vCase studies 606 $aTeacher participation in administration$zUnited States$vCase studies 606 $aEducational leadership$zUnited States$vCase studies 608 $aElectronic books. 615 0$aSchool management teams 615 0$aTeacher participation in administration 615 0$aEducational leadership 676 $a371.106 701 $aChrispeels$b Janet$01032108 801 0$bStDuBDS 801 1$bStDuBDS 906 $aBOOK 912 $a9910480353103321 996 $aLearning to lead together$92449776 997 $aUNINA LEADER 02274nam 2200577 450 001 9910806949703321 005 20230126213818.0 010 $a1-4985-1411-1 035 $a(CKB)3710000000539166 035 $a(EBL)4206528 035 $a(MiAaPQ)EBC4206528 035 $a(EXLCZ)993710000000539166 100 $a20160115h20152015 uy 0 101 0 $aeng 135 $aur|n|---||||| 181 $2rdacontent 182 $2rdamedia 183 $2rdacarrier 200 10$aBridging generations in Taiwan $elifestyle and identity of mothers and daughters /$fPhilip Silverman and Shienpei Chang 210 1$aLanham, Maryland :$cLexington Books,$d2015. 210 4$dİ2015 215 $a1 online resource (135 p.) 300 $aDescription based upon print version of record. 311 $a1-4985-1410-3 320 $aIncludes bibliographical references and index. 327 $a_GoBack; _GoBack; _GoBack; _GoBack; _GoBack; _GoBack; _GoBack; _GoBack; _GoBack; _GoBack; _GoBack; _GoBack; _GoBack; _GoBack 330 $aThis book examines identity change between two generations of Taiwanese women, one having come of age before Taiwan became an economic powerhouse, the other after. Biographies and lifestyle inventories were obtained from five mother-daughter pairs, and they show how women's lives have undergone revolutionary changes from the older to the younger generation. 606 $aWomen$zTaiwan$xSocial conditions 606 $aWomen$zTaiwan$xEconomic conditions 606 $aEconomic development$zTaiwan 606 $aMothers and daughters$zTaiwan 606 $aGlobalization$zTaiwan 607 $aTaiwan$xRural conditions 607 $aTaiwan$xEconomic conditions$y1945- 607 $aTaiwan$xSocial conditions$y1945- 607 $aTaiwan$2fast 615 0$aWomen$xSocial conditions. 615 0$aWomen$xEconomic conditions. 615 0$aEconomic development 615 0$aMothers and daughters 615 0$aGlobalization 676 $a305.420951249 700 $aSilverman$b Philip$01712962 702 $aChang$b Shienpei 801 0$bMiAaPQ 801 1$bMiAaPQ 801 2$bMiAaPQ 906 $aBOOK 912 $a9910806949703321 996 $aBridging generations in Taiwan$94105547 997 $aUNINA